Enfrentamientos de One Piece en East Blue - Estadísticas

Estadísticas generales
  • Esta prueba ha sido intentada 60 veces
  • La puntuación promedio es 9 de 15
Estadísticas de respuestas
Piratas de Sombrero de Paja Adversarios % Correcto
Monkey D. Luffy Arlong
98%
Monkey D. Luffy Smoker
91%
Monkey D. Luffy Buggy/Mohji
87%
Monkey D. Luffy Krieg
85%
Monkey D. Luffy Kuro
77%
Roronoa Zoro Dracule Mihawk
74%
Luffy y Zoro Morgan
70%
Roronoa Zoro Tashigi
51%
Roronoa Zoro Cabaji
43%
Sanji Gin/Pearl
42%
Usopp Jango
40%
Roronoa Zoro Hatchan
38%
Usopp Chew
26%
Sanji Kuroobi
21%
Roronoa Zoro Buchi/Sham
19%
No se encontraron pruebas coincidentes
Distribución de puntuación
Porcentaje de gente con cada puntuación
Porcentaje por número respondido
Historial de tus puntuaciones
No has intentado esta prueba.